[Event "WCh Women 2016"]
[Site "Lvov UKR"]
[Date "2016.03.05"]
[Round "3"]
[White "Muzychuk, M."]
[Black "Hou, Yifan"]
[Result "1/2-1/2"]
[WhiteElo "2554"]
[BlackElo "2673"]
[EventDate "2016.03.02"]
[Annotator "Bojkov,Dejan"]
[PlyCount "72"]
[Beauty "6323534038023"]
[EventCountry "UKR"]

1.d4 {Just like in game two Muzychuk shows widen opening preparation. Although she had played 1.d4 before this was not her main choice, but still she wants to indicate that there will be a battle all over the place.} 1...Nf6 {The two ladies have played the Catalan before. The move order in that game was:} ( 1...d5 2.c4 e6 3.Nf3 Nf6 4.g3 Be7 5.Bg2 O-O 6.O-O dxc4 7.Qc2 a6 8.Qxc4 b5 9.Qc2 Bb7 10.Bd2 Be4 11.Qc1 Bb7 {with relatively short draw on move twenty, Muzychuk,M (2460)-Hou,Y (2578) Mardin 2011} ) 2.c4 e6 3.g3 d5 4.Bg2 ( {Hou has games after} 4.Nf3 Bb4+ ) 4...Bb4+ {Hou also shows excellent preparation. So far she had chosen mainly the} ( 4...Be7 {line.} ) 5.Bd2 Be7 6.Nf3 O-O 7.O-O Nbd7 8.Qc2 c6 9.Rd1 b6 10.Bf4 Ba6 ( {The main move is} 10...Bb7 {which leads to more complicated positions after} 11.Nc3 dxc4 12.Nd2 Nd5 13.Nxc4 Nxf4 14.gxf4 Qc7 15.e3 {Wang,Y (2718)-Harikrishna,P (2753) Huaian 2016} ) 11.cxd5 {The Chinese grandmaster definitely studied in depth the pawn sacrifice after} ( 11.Ne5 Rc8 12.Nc3 Bxc4 13.Nxc4 dxc4 14.e4 b5 {After all, she witnessed this game live some weeks ago, So,W (2773)-Karjakin,S (2769) Wijk aan Zee 2016} ) 11...cxd5 12.Ne5 {The arising position resembles the Exchanged Slav. If Black manages to finish the development without much ado she would be safe. Thus, the next moves look more or less forced:} 12...Rc8 13.Nc6 Bb5 14.Nxe7+ Qxe7 15.Nc3 Nh5 {A typical idea to get rid of the active bishop.} 16.Be3 Nhf6 17.a4 {A novelty. "Now after the game I believe I should not have hurried with this move" said Muzychuk.} ( {Instead she suggested} 17.Qd2 {which had already been played though, without White achieving much after} 17...Ba6 18.Bf4 Nh5 19.Bg5 Nhf6 20.Bf4 Nh5 21.Bg5 Nhf6 {\BD-\BD (21) Wen,Y (2581) -Yu,Y (2667) China 2014. This game was played in China and obviously Hou knew about it which only shows how deep her preparation was.} ) 17...Bc4 {With the intention to block the a4 pawn with a7-a5 after which the manuver Nd7-b8-a6-b4 will look good for Black. That forces the following play:} 18.a5 bxa5 19.Rxa5 Qb4 20.Rda1 ( {Not} 20.Rxa7 $2 Bb3 ) 20...Rb8 21.Rxa7 Qxb2 22.Qxb2 Rxb2 {The pawns on the queenside disappeared and the symmetry works in favor of the knights. Muzychuk's only chance is to profit from the active position of her rooks.} 23.Bf3 ( 23.g4 $5 {at once deserved attention, although after} 23...h6 24.h4 Nb8 {Black is solid enough, say} 25.g5 Ng4 26.gxh6 Nxe3 27.hxg7 Kxg7 28.fxe3 Bxe2 ) 23...h6 {Black makes a useful move that discourages the g3-g4-g5 idea and gives air to the king. Also possible was} ( 23...Rc8 24.Ra8 Rxa8 25.Rxa8+ Rb8 ) 24.h4 {In case of} ( 24.Rc7 Rfb8 25.Raa7 {Black can defend with} 25...g5 ( {Or even better} 25...Rc2 ) ) 24...Rc8 {The most precise move. There is no need to allow both white rooks on the seventh rank:} ( 24...h5 25.Rc7 Rfb8 26.Raa7 Rc2 27.Na4 Rb1+ 28.Kg2 ) 25.Bf4 {This was the last moment to try the g3-g4 idea:} ( 25.g4 $5 Rc2 26.R1a3 Nf8 ( 26...Nb8 {is still possible.} ) 27.g5 hxg5 28.hxg5 N6d7 {White has a bit of a pull, but since the pawns are facing each other the draw will soon become inevitable.} ) 25...Rc2 26.R7a3 h5 {Now that the position is fixed the two bishops are not much useful.} 27.Kg2 Kh7 28.Rc1 Rxc1 29.Bxc1 e5 {Forces further trades and secures the draw.} 30.dxe5 Nxe5 31.Be3 Nxf3 32.Kxf3 Ne4 33.Nxe4 dxe4+ 34.Kxe4 Bxe2 35.Ra5 f6 36.Rc5 Rxc5 {Hou succesfully solved the problem of the "black color" today.} 1/2-1/2

[Event "WCh Women 2016"]
[Site "Lvov UKR"]
[Date "2016.03.08"]
[Round "5"]
[White "Hou, Yifan"]
[Black "Muzychuk, M."]
[Result "1/2-1/2"]
[WhiteElo "2673"]
[BlackElo "2554"]
[EventDate "2016.03.02"]
[Annotator "Bojkov,Dejan"]
[PlyCount "66"]
[Beauty "6529021378566"]
[EventCountry "UKR"]

1.c4 {Time for Hou Yifan to show her hidden weapons.} 1...c6 2.Nf3 {In the only game in which the Chinese GM used the 1.c4 c6 move order, she chose to switch to the Caro Kann with} ( 2.e4 d5 3.exd5 cxd5 4.cxd5 Nf6 5.Nc3 Nxd5 6.Nf3 Nc6 7.Bb5 {Hou,Y (2673)-Stefanova,A (2517) Beijing 2014} ) ( {A recent game from Muzychuk saw:} 2.Nc3 d5 3.e3 Nf6 4.Nf3 e6 5.b3 Nbd7 6.Bb2 Bd6 7.Qc2 O-O 8.Rg1 Ne5 9.Nxe5 Bxe5 10.g4 d4 {with unclear play Docx,S (2416) -Muzychuk,M (2554) Gibraltar 2016} ) 2...d5 3.g3 g6 4.Bg2 Bg7 5.Qa4 {A relatively rare move that keeps the position fresh.} ( {If White wishes, she can transpose into the Gruenfeld Fianchetto line after} 5.cxd5 cxd5 6.d4 Nf6 7.Nc3 O-O 8.Ne5 {as in Karjakin,S (2762)-Andreikin,D (2720) Baku 2015} ) ( 5.O-O {is the other common choice of the first player.} ) 5...dxc4 6.Qxc4 e5 7.d3 Ne7 8.O-O Na6 {A novelty in comparison to} ( 8...O-O 9.Nc3 Be6 10.Qa4 h6 11.Bd2 Nd7 {Rapport,R (2547)-Tischbierek,R (2454) Germany 2012} ) 9.Bd2 O-O {Winning the exchange in this situation is quite optimistic.} ( 9...e4 $6 10.Qxe4 Bxb2 11.Bc3 Bxa1 12.Bxa1 O-O 13.Bf6 {will leave White's dark-squared bishop dominating the board.} ) 10.Qc1 Nf5 {As a result of the rare opening, a position typical for the Reversed Dragon arose. With her last move, Muzychuk reveals her main plan in the position - to bring the knight to the excellent outpost on d4.} 11.Na3 ( {Perhaps better was the standard} 11.Nc3 {when Black can transfer the second knight towards the d4 point with} 11...Nc5 ) 11...Nd4 {Since White cannot tolerate this knight for very long and can't chase it away with e2-e3 (due to the potential weakness of the d3 pawn) a trade on the d4 square will happen very soon. This will be beneficial for the second player who will get the half-open "e" file for her heavy pieces where she would pressurize the backward pawn on e2. The ultimate goal of all of this would be to force the "e" pawn to advance and leave White with either an isolated "d" pawn or two hanging pawns on the "d" and the "e" files.} 12.Re1 Bg4 13.Nxd4 exd4 {Muzychuk considered her position slightly better while Hou believed that things are not that clear.} 14.Bh6 Re8 ( 14...Bxh6 15.Qxh6 Re8 {gives White extra options, like} 16.Qf4 {with huge complications after} 16...Bxe2 17.Nc4 Bxd3 18.Nd6 Re7 19.Rad1 ) 15.Bxg7 Kxg7 16.Qd2 ( 16.Qf4 {was also interesting here as after} 16...Bxe2 17.Nc4 {White threatens the Nc4-d6 or Nc4-e5 jumps and} 17...Bxd3 $4 {loses due to} 18.Rxe8 Qxe8 19.Qxd4+ ) 16...Qd7 {Muzychuk alos considered} ( 16...Qf6 {but did not like} 17.h3 Be6 {which would block the "e" file.} ) 17.Nc4 f6 {Not a generally desirable move but} ( 17...Re7 18.Qf4 {was not to Black's taste.} ) 18.h4 {Hou found a way to solve the problem of the backward pawn.} ( 18.e4 dxe3 19.Rxe3 Rxe3 20.Nxe3 Be6 {is somewhat better for Black.} ) 18...Re7 ( 18...Rad8 {would have stopped White's idea, but Muzychuk wanted to double the rooks along the half-open file.} ) 19.e4 dxe3 20.Nxe3 {Black provoked the advance of the "e" pawn, but her pieces are not well co-ordinated at the moment.} 20...Be6 ( 20...Rae8 21.Nxg4 Qxg4 22.Rxe7+ Rxe7 23.Re1 ) 21.d4 {White intends to get rid of the isolated pawn with d4-d5 at the proper moment.} 21...Rae8 ( 21...Rd8 22.Rad1 ) 22.b3 Nc7 23.Qb4 Nd5 {Now mass exchanges lead to an obvious draw.} 24.Nxd5 Bxd5 25.Rxe7+ Qxe7 26.Qxe7+ Rxe7 27.Bxd5 cxd5 28.Rc1 Kf7 29.Kf1 Ke6 30.Ke2 Kd6+ 31.Kd3 Rc7 32.Re1 Re7 33.Rc1 Rc7 {Once again, the world champion easily solved her problems as black and will press in the next game as White.} 1/2-1/2

[Event "Chess 2016"]
[Site "Norway"]
[Date "2016.04.21"]
[Round "3.3"]
[White "Carlsen, Magnus"]
[Black "Grandelius, Nils"]
[Result "1-0"]
[WhiteElo "2851"]
[BlackElo "2649"]
[EventDate "2016.??.??"]
[Annotator "Bojkov,Dejan"]
[PlyCount "75"]
[Beauty "7839389082714"]
[EventType "team-tourn"]
[EventCountry "NOR"]
[WhiteClock "0:02:22"]
[BlackClock "0:00:30"]

1.e4 c5 2.Nf3 Nf6 {It is not every day that you see the Nimzowitsch (or Rubinstein) in a top level game. Grandelius though (together with some young GMs like Ipatov and Rakhmanov) likes it and is not shy of trying it against the world champion.} 3.e5 {The most principled continuation.} ( {In a recent game from the German Bundesliga Grandelius used the line to transpose into the Dragon after} 3.Nc3 d6 ( {And in another recent game he followed the original Nimzowitsch recipe} 3...d5 4.Bb5+ Bd7 5.e5 Bxb5 6.Nxb5 Nfd7 7.e6 fxe6 8.O-O Qb6 {Adams,M (2744)-Grandelius,N (2644) Reykjavik 2015} ) 4.d4 cxd4 5.Nxd4 g6 6.Be3 Bg7 7.f3 Nc6 {Harikrishna,P (2737)-Grandelius,N (2628) Germany 2015} ) 3...Nd5 4.Nc3 Nxc3 ( 4...e6 {is a known gambit line which might be a bit too much in Norway.} ) 5.dxc3 Nc6 6.Bf4 Qb6 {Black uses this move to force a minor concession by his opponent.} 7.Qc1 ( {One concession might be the loss of the long castle opportunity in the line} 7.Rb1 Qc7 8.Bd3 e6 {A demonstration of Black's plan is the following game} 9.Bg3 b6 10.O-O Bb7 11.Qe2 d5 ( 11...d6 ) ( 11...O-O-O ) 12.c4 Nb4 13.cxd5 Bxd5 14.Bb5+ Bc6 {and Black held later in Azarov,S (2595)-Rakhmanov,A (2640) Al Ain 2015} ) ( {Slightly weakening is} 7.b3 h6 8.h4 Qc7 9.Qd2 e6 10.O-O-O a6 11.Kb1 b5 {Wang,H (2729)-Ipatov,A (2613) Dubai 2014} ) 7...f6 {In both alternative scenarios Black had problems finishing the development. Grandelius might have also feared prep, thus the move in the game.} ( 7...h6 {which led to the following tactical battle-} 8.h4 ( 8.Bc4 $5 ) 8...d5 9.exd6 exd6 10.Bc4 Be7 11.Qe3 Qxb2 12.O-O O-O 13.Rfb1 Qa3 14.Bxh6 $5 ( 14.Rb3 Qa5 15.Re1 Qc7 16.Bd5 ) 14...gxh6 15.Rb3 Qa4 16.Bb5 Qg4 17.Bxc6 bxc6 18.Qxe7 Be6 19.Qxd6 Bxb3 20.axb3 {and White was better in Rodshtein,M (2664)-Ipatov,A (2625) Germany 2014} ) ( 7...e6 8.Nd2 {here we see the drawback of the Qd8-b6 move; she has to lose a tempo} 8...Qd8 9.Ne4 d5 10.exd6 e5 11.Qe3 f5 12.Bxe5 Nxe5 13.Ng5 Bxd6 14.f4 O-O 15.fxe5 f4 {was unclear in Oratovsky,M (2522)-Ninov,N (2508) Ascona 2011} ) 8.Bc4 {White is practically sacrificing a piece with this novelty. Carlsen believes in the solid fundament of his position and continues with the development.} ( {The only predecessor saw:} 8.Bg3 fxe5 9.Nxe5 Nxe5 10.Bxe5 Qe6 11.Qe3 d6 12.Bf4 Qxe3+ 13.Bxe3 Bd7 {which allowed Black a chance to swap off the queens and level the chances, Zude,A (2389) -Gheng,J (2314) Schwaebisch Gmuend 2003} ) 8...g5 9.Bg3 ( {Another way to sacrifice is} 9.exf6 gxf4 10.Qxf4 {for example} 10...Qxb2 11.O-O Qxc3 12.Rae1 {with massive pressure for the piece. Say} 12...e6 ( {White's main idea is revealed in the line} 12...d6 13.Re3 Qxc2 14.fxe7 Bxe7 15.Bd5 {when captures on d6 and later on e7 are unavoidable.} ) 13.Re3 Qxc2 14.f7+ Ke7 ( 14...Kd8 15.Qf6+ ) 15.Nh4 {with a strong attack.} ) 9...g4 10.exf6 {The point of the novelty. As usual engines are skeptical about the attack but change their minds after some deep thought.} 10...gxf3 {There is no way back as} ( 10...exf6 11.Qe3+ Be7 12.Nh4 {leaves Black's position in ruins for free.} ) 11.Qf4 fxg2 {Alternatives do not seem better:} ( 11...Qxb2 $4 12.f7+ Kd8 13.Qc7# ) ( 11...exf6 12.Qxf6 ) ( 11...Kd8 {leaves some extra options to White} 12.O-O-O ( 12.fxe7+ $5 ) 12...fxg2 13.Rhg1 ( {Or} 13.Rhe1 ) ) 12.Rg1 {For the piece White has huge lead in the development, but more importantly plenty of lines and diagonals to use it.} 12...Na5 ( {Like in the previous note} 12...exf6 13.Qxf6 {is immediate resignation.} ) ( {Black cannot lock the position with} 12...e6 13.f7+ Ke7 ( 13...Kd8 14.Qf6+ ) 14.Bh4# ) ( {And} 12...Kd8 {allows} 13.O-O-O ) 13.f7+ $1 {Carlsen's original plan was to go for} ( 13.fxe7 Bxe7 14.Bf7+ Kd8 ( {But he rejected it at the last moment as he could not see more than a draw after} 14...Kf8 15.Be6+ ( 15.Rxg2 Qf6 ) ) 15.O-O-O ) 13...Kd8 14.Bd5 Bh6 {"Born out of desperation," but this loses. Grandelius could not see any defense in case of:} ( 14...d6 15.O-O-O Kc7 16.Rxg2 ( {Or} 16.Bh4 {which Carlsen calculated with the fancy line} 16...e6 ( 16...Bh3 17.Qe3 $1 ) 17.Rxg2 exd5 18.Rg8 Nc4 19.b3 Qa5 20.bxc4 Qxc3 21.Rxh8 Qxh8 22.Bf6 $1 {trapping the queen.} ) 16...Bh3 17.Rgg1 e6 ( {Perhaps Black can try to defend the position after} 17...h5 18.Bh4 Bh6 19.Bg5 Bxg5 20.Qxg5 Qb5 21.Qxe7+ Qd7 22.Qe3 Nc6 {although the computer claims advantage for White after} 23.b4 $1 ) 18.Be4 {(Grandelius) when he could not find a defense against the combined threats of Qf4-f6, Bg3-h4 and Rg1-g8 and the attack against the king. One line to support his thesis} 18...Be7 19.Qh6 Bg4 ( 19...Bf5 20.Bxf5 exf5 21.Qe6 ) 20.f3 Bf5 21.Bxf5 exf5 22.Qe6 {and White wins.} ) 15.Qe5 Rf8 ( 15...Qf6 16.Qc7# ) 16.Bh4 Rxf7 ( {The Swedish GM missed that in the line} 16...Nc6 17.Bxc6 Rxf7 {White has the strong in-between blow} 18.Rxg2 $1 {with a win. All captures lead to mate:} 18...bxc6 ( 18...dxc6 19.Rg8+ Bf8 20.Rxf8+ Rxf8 21.Qxe7# ) ( 18...Qxc6 19.Bxe7+ $1 ) 19.Bxe7+ Rxe7 20.Rg8+ ) 17.Bxf7 {Carlsen managed to win an exchange and kept the attack alive.} 17...Nc6 18.Qg3 {Carlsen wants to continue the attack. In the line:} ( 18.Qh8+ Kc7 19.Rb1 d6 20.Qxh7 {Black is down on material but at least has king into relative safety.} ) 18...Qxb2 19.Rd1 Qxc2 20.Bd5 {Black's b- and d-pawns can't move.} 20...Qf5 21.Rxg2 Bf4 22.Qf3 {Makes good use of the pin.} ( {The endgame was not bad neither.} 22.Qxf4 Qxf4 23.Rg8+ Kc7 24.Bg3 ) 22...Kc7 23.Rg5 Qf8 24.Bg3 {"This was just stupid" said Carlsen and suggested the easy win after} ( 24.Bxc6 $1 bxc6 25.Bg3 e5 26.Rxe5 {instead as} 26...Bd2+ 27.Ke2 {defends the queen.} ) 24...e5 25.Rh5 a5 26.Rxh7 {But White's position is still won and he converted the advantage easily.} 26...Ra6 27.Rf7 Qe8 28.Kf1 ( 28.Bxf4 exf4+ 29.Kf1 ) 28...Bxg3 29.hxg3 Qh8 30.Kg2 Nd8 31.Rf8 Qg7 32.Rh1 Rh6 33.Rxh6 Qxh6 34.Qf6 Qxf6 35.Rxf6 d6 36.Kf3 b5 37.g4 Kd7 38.Rh6 {The bishop on c8 did not make a move at all!} 1-0

[Event "Chess 2016"]
[Site "Norway"]
[Date "2016.04.22"]
[Round "4.5"]
[White "Grandelius, Nils"]
[Black "Harikrishna, P."]
[Result "1/2-1/2"]
[WhiteElo "2649"]
[BlackElo "2763"]
[EventDate "2016.??.??"]
[Annotator "Bojkov,Dejan"]
[PlyCount "89"]
[Beauty "5846545218067"]
[EventType "team-tourn"]
[EventCountry "NOR"]
[WhiteClock "0:18:59"]
[BlackClock "0:49:49"]

1.e4 e6 2.d4 d5 3.Nc3 Nf6 4.Bg5 dxe4 5.Nxe4 Be7 6.Bxf6 gxf6 {Harikrishna's pet line in the French, once revived by A. Morozevich.} 7.Qd2 {Grandelius chooses his "own" move order. The Indian GM was quite successful in two recent games after:} ( 7.Nf3 a6 8.Qd2 f5 9.Nc3 b5 10.O-O-O b4 ( 10...Qd6 11.Kb1 Nd7 12.Bd3 c5 {Maze,S (2582)-Harikrishna,P (2737) Berlin 2015} ) 11.Ne2 Bb7 12.Kb1 Qd6 {Naiditsch,A (2682)-Harikrishna,P (2737) Douglas 2015} ) 7...b6 ( {Grandelius mentioned an important game at the press-conference:} 7...a6 8.g3 $6 {This intends to make use of the long diagonal but backfires after the spectacular} ( {Most likely White's intention was to avoid Ng1-f3 again with} 8.O-O-O ) 8...Nc6 9.Ne2 e5 $1 10.d5 Nd4 11.Bg2 $6 Bh3 $1 12.O-O ( 12.Bxh3 $2 Nf3+ ) 12...Bxg2 13.Kxg2 Qxd5 {with solid extra pawn fro Black in Landa,K (2626)-Svane,R (2542) Germany 2015} ) 8.O-O-O Bb7 9.Nc3 {The threat is d4-d5, thus the next move.} 9...c6 10.Nf3 Nd7 {Black's plan is simple- Qd8-c7, 0-0-0, f6-f5 and possibly Nd7-f6, and in a good moment c6-c5 to open the bishops. White would be happy to carry out the d4-d5 advance but the clumsy position of the Nc3 prevents him from doing this. Instead Grandelius went for another plan.} 11.Qh6 Qc7 12.Qg7 Rf8 13.Qxh7 {Risky (Grandelius).} 13...f5 14.Bc4 Nf6 ( {Probably White concentrated his preparation on the previously played} 14...Qf4+ 15.Kb1 Nf6 16.Qh3 Ng4 17.Rhf1 O-O-O {Grigoryan,K (2473)-Petrosian,D (2478) Kajaran 2011} ) 15.Qh6 Ng4 16.Qd2 {The queen went back home but feels the discomfort of a rook facing it. Black has compensation for the pawn thanks to the bishop pair and the possibility of queenside assault. His play is much easier as well.} 16...O-O-O 17.h3 Nf6 18.Ne5 {Grandelius called this move a mistake as it enables Black a chance to advance his queenside pawns with tempoes. He recommended instead either} ( 18.Rhe1 ) ( {or} 18.Kb1 ) 18...Kb8 19.Rhe1 ( 19.Bb3 a6 {followed by c6-c5 would be similar.} ) 19...b5 $1 20.Bb3 ( 20.Bf1 b4 21.Na4 c5 {leads to strong central pressure as well.} ) 20...b4 {The most energetic.} ( 20...a5 {is not bad neither.} ) 21.Ne2 c5 22.Qe3 Ne4 {The knight on e5 is danger after c5xd4.} 23.f4 cxd4 {Natural and strong. The computer suggests} ( 23...f6 24.Ng6 c4 25.Ba4 Rf7 26.Nxe7 Rxe7 {but why to trade the knight which might get trapped?} ) 24.Nxd4 Bc5 {The pin is far more dangerous than it seems.} 25.Nef3 ( 25.c3 {drops the knight after} 25...f6 26.Nef3 bxc3 27.bxc3 e5 ) 25...Rg8 $6 {Up to here Harikrishna played perfectly and Grandelius felt he is close to lost. Now the correct thing was to concentrate on the pin and to go for the knight after:} ( 25...Qb6 $1 {For example} 26.Rd3 Rd6 27.Kb1 ( 27.Red1 Ba6 $1 ) ( {If} 27.g4 Rfd8 28.gxf5 exf5 29.c3 bxc3 30.bxc3 Nxc3 31.Rxc3 Rxd4 $1 {wins thanks to another pin after} 32.Nxd4 Bxd4 33.Qg3 Bxc3 34.Qxc3 Rc8 ) 27...Rfd8 28.c3 {It seems as White managed to guard the knight, but} 28...Nxc3+ $1 29.bxc3 Be4 30.Ka1 Bxd3 31.Qxd3 bxc3 {clarifies things. The knight is a goner.} ) ( 25...Rd6 $1 {would also work.} ) 26.g4 $1 {White grabs his chance.} ( 26.Re2 Ba6 $1 ) ( 26.Rg1 Rg3 $1 ) 26...fxg4 27.hxg4 Rxg4 28.Ne5 Rxd4 {Harikrishna missed in his preliminary calculations} ( 28...Rgg8 29.Ndc6+ Bxc6 30.Nxc6+ Qxc6 31.Rxd8+ Rxd8 32.Qxe4 ) 29.Rxd4 Rg3 30.Qxe4 ( 30.Qxg3 $5 {would be another possibility with highly unclear position after} 30...Nxg3 31.Rd7 Qc8 32.Rxf7 Ka8 33.Nd7 Be4 ) 30...Bxe4 31.Rdxe4 {White got away from the pin and has enough activity to compensate for the slight material deficit.} 31...Rg1 {Harikrishna hurries to saveguard his king, but does it an a slightly inappropriate way.} ( {To an instant draw will lead} 31...f6 32.Nd3 Rxd3 33.cxd3 Bf2+ 34.Rc4 Bxe1 35.Rxc7 Kxc7 ) ( {But another save line is} 31...Bd6 {intending} 32.Rc4 Bxe5 33.Rxb4+ Ka8 34.fxe5 Qc5 35.Rbe4 Rg1 {White should be able to build a fortress here, but Black risks nothing.} ) 32.Rxg1 Bxg1 33.Rxb4+ Bb6 34.a4 {With the oppositite-colored bishops on the board White's initiative is more unpleasant than in the line after 31...Bd6 and objectively the game should end in a draw.} 34...Ka8 35.Kb1 Qe7 36.Rc4 Bc7 37.Nd3 Bd6 ( 37...a5 $5 {(Harikrishna. )} ) 38.a5 Kb8 39.Ba4 Qb7 40.Rc6 {This forces a draw. It is hard to find progress for White after} ( 40.b4 Qd5 41.Bb3 ) 40...Bxf4 41.Nc5 Qe7 42.Na6+ ( 42.Bb5 Be3 {leads nowhere.} ) 42...Kb7 ( {Black cannot play for a win neither:} 42...Ka8 $2 43.Rc4 Kb7 44.Nc5+ Ka8 ( 44...Kc8 45.Nxe6+ ) 45.Bc6+ Kb8 46.Na6+ Kc8 47.Rxf4 ) 43.Nc5+ Kb8 44.Na6+ Kb7 45.Nc5+ 1/2-1/2